| 000 | 00701nam a2200217Ia 4500 | ||
|---|---|---|---|
| 003 | GCL | ||
| 008 | 140319s9999 xx 000 0 ara d | ||
| 040 |
_aGCL / _cGCL |
||
| 082 | 0 | 4 |
_a153.93 _bز ا |
| 100 | 1 | _aزيد الهويدى | |
| 245 | 1 | 0 |
_aالالعاب التربوية استراتيجية لتنمية التفكير / _cزيد الهويدى |
| 250 | _aالاولى | ||
| 260 |
_aالامارات : _bدار الكتاب الجامعى ، _c2002 |
||
| 300 |
_a296 ص ؛ _c25 سم |
||
| 650 | 0 | 4 | _aالتفكير |
| 650 | 0 | 4 | _aالذكاء |
| 650 | 0 | 4 | _aالادراك |
| 650 | 0 | 4 | _aالتعليم - مناهج |
| 650 | 0 | 4 | _aالتعليم - طرق تدريس |
| 942 |
_2ddc _cBK |
||
| 999 |
_c56986 _d56986 |
||